01598nab a22002537a 4500999001500000003000400015005001700019008004100036040000700077100003100084245014700115260007300262300001500335500004300350505043100393505012500824505009000949650003301039650003201072650003101104650005801135773013801193942001301331 c5479d5479OSt20251123233303.0190603e xxum|||| |||| 00| 0 spa d cPJ 96477aBrun, Juan Martín 13aLa obligación de seguridad frente al hecho de la víctima : bla injerencia causal del comportamiento de los menores /cJuan Martín Brun. cCiudad Autónoma de Buenos Aires :aThomson Reuters La Ley, b2025. ap. 183-193 aCita Online: TR LALEY AR/DOC/47/2025.  a Sumario: I. Introducción.— II. El caso.— III. Relación de consumo y obligación de seguridad.— IV. Fractura del nexo causal. Eximente "causa ajena".— V. El hecho del damnificado como eximente.— VI. La incidencia del derecho del consumidor para valorar el alcance de la eximente.— VII. La condición de "menor" a los fines de determinar el porcentaje de incidencia causal de la eximente.— VIII. Corolario.  tFallo comentado: CNCiv., sala C ~ 19/09/2024 ~ R., F. G. c. Sindicato de Empleados de Comercio s/ daños y perjuicios. t¿Te interesa el texto completo? Solicitalo al correo: koha@justierradelfuego.gov.ar  092597aDEFENSA DEL CONSUMIDOR 091467aRESPONSABILIDAD CIVIL 092823aDAÑOS Y PERJUICIOS 092741aDERECHOS DE LAS NIÑAS, NIÑOS Y ADOLESCENTES0 0271393170dCiudad Autónoma de Buenos Aires : Thomson Reuters La Ley, 2015-tRevista Código Civil y Comercial. Nº 2 - Abril 2025 2udccANA